000 00509nam a22001697a 4500
005 20251108172920.0
008 250721s2003 xx 000 0 ara d
082 1 4 _a631.86/أرن
100 1 _aأرناؤوط، محمد السيد
245 1 0 _aطرق الإستفادة من المخلفات الزراعية /
264 _bأوراق شرقية،
_c2003.
300 _a258 ص
650 1 7 _aالأسمدة العضوية
650 1 7 _aالسماد البلدي
942 _2ddc
_cBK
999 _c91694
_d91694